[Event "3rd Memorial Hulak 2018"]
[Site "Zagreb"]
[Date "2018.12.01"]
[Round "1.1"]
[White "Kozul, Zdenko"]
[Black "Frank, Vladimir"]
[Result "1-0"]
[WhiteElo "2601"]
[BlackElo "2000"]
[Annotator "TA"]
[PlyCount "99"]
[EventDate "2018.11.26"]
[EventCountry "CRO"]
[SourceTitle "playchess.com"]
[Source "ChessBase"]
[SourceQuality "1"]

{[%evp 21,99,0,0,-7,-9,-6,4,0,-4,-14,28,20,39,14,15,14,9,0,29,0,32,41,35,22,39,27,55,55,55,56,65,63,58,37,45,27,58,61,56,18,33,21,37,33,33,33,33,33,36,30,32,30,94,48,91,93,103,81,139,131,126,117,120,103,119,94,480,457,381,279,393,368,457,447,585,571,1418,1346,1876,1781]} 1. d4 Nf6 2. c4 e6 3. g3 d5 4. Bg2 c6 5. Nf3 Nbd7 6. Qc2 Be7 7. O-O O-O 8. Bf4 b6 9. cxd5 cxd5 10. Bc7 {E08: Closed Catalan: Main Line: 7 Qc2} (10. Rc1 Bb7 11. Nc3 Rc8 12. Ne5 Nxe5 13. Bxe5 Ne4 14. Qd3 f6 15. Bf4 g5 16. Nxe4 gxf4 17. Nc3 Bd6 {½-½ (49) Duda,J (2724)-Ding,L (2778) Liaocheng 2018}) 10... Qe8 11. Nc3 Bb7 {LiveBook: 7 Games} 12. Bf4 {The position is equal.} Rc8 13. Qb3 Rc4 $146 ({Predecessor:} 13... Ne4 14. Rfc1 Rc4 15. Nxe4 Rb4 16. Nd6 Bxd6 17. Bxd6 Rxb3 18. axb3 {1-0 (26) Janoszka,A (2300)-Steinhauser,T (2118) Zuerich 2008}) 14. a3 {[%cal Ba2a3,Ba3a4,Ba4a5][%mdl 32]} Nh5 15. Bd2 Qc8 16. Rfc1 a6 17. a4 Nhf6 18. Bf1 Qa8 19. e3 Rc7 20. Na2 Rfc8 21. Rxc7 Rxc7 22. a5 b5 23. Bb4 Bxb4 24. Nxb4 Ne4 25. Qd1 Qc8 26. Ne1 {[%cal Bf3e1,Be1d3,Bd3c1,Bc1b3][%mdl 32]} g6 27. Ned3 Kg7 28. Nc1 h5 29. Nb3 h4 30. g4 g5 31. Nd3 Qf8 32. f3 Nd6 33. Nbc5 Nxc5 34. Nxc5 Bc8 35. Rc1 {[#] Nxe6+! is the strong threat.} Qe7 36. b3 Ne8 (36... e5 $11 {remains equal.}) 37. Qd2 f5 38. Bh3 Qf6 39. Nd3 $36 {[%mdl 2048] aiming for Rxc7+. White has strong initiative.} Rxc1+ (39... Qd8 $142) 40. Qxc1 $16 Qd8 41. Qc6 Qd7 42. Qb6 Qc7 43. Nc5 Qxb6 $4 {[%mdl 8192]} (43... Kf7 $16 {is more resistant.}) 44. axb6 {[%mdl 4096] Endgame KBN-KBN} Nd6 45. b4 Kf6 (45... Nc4 {was worth a try.} 46. gxf5 Nxb6) 46. gxf5 $18 exf5 {[#]} 47. e4 $1 {[%cal Be3e4,Be4f5,Bf5f6][%mdl 544] White is clearly winning.} Ke7 (47... dxe4 48. fxe4) 48. Bxf5 Bxf5 49. exf5 Kd8 50. f6 {Accuracy: White = 70%, Black = 31%.} 1-0

[Event "3rd Memorial Hulak 2018"]
[Site "Zagreb"]
[Date "2018.12.01"]
[Round "1.2"]
[White "Mesko, Andrej"]
[Black "Nikolov, Momchil"]
[Result "0-1"]
[WhiteElo "1999"]
[BlackElo "2567"]
[Annotator "TA"]
[PlyCount "90"]
[EventDate "2018.11.26"]
[EventCountry "CRO"]
[SourceTitle "playchess.com"]
[Source "ChessBase"]
[SourceQuality "1"]

{[%evp 25,90,34,42,20,41,20,20,23,31,16,33,0,0,0,0,0,34,17,50,47,47,2,55,0,2,4,31,2,4,0,46,52,45,31,52,18,18,0,12,-84,-97,-144,-142,-130,-134,-165,-188,-192,-180,-197,-193,-249,-210,-241,-210,-287,-260,-555,-490,-533,-448,-432,-411,-568,-533,-5302,-5285]} 1. d4 Nf6 2. c4 c5 3. d5 e6 4. Nc3 exd5 5. cxd5 d6 6. e4 g6 7. Nf3 a6 8. a4 Bg4 9. Be2 Bg7 10. O-O O-O 11. h3 Bxf3 12. Bxf3 Nbd7 13. Bf4 Ne8 {LiveBook: 8 Games} 14. Qc1 $146 {A75: Modern Benoni: Classical: 9...a6 10 a4 Bg4} ({Predecessor:} 14. Qd2 c4 15. Bg5 Bf6 16. Bh6 Ng7 17. Bd1 Nc5 18. a5 Rb8 19. Be3 Qc7 20. Na4 Nxe4 21. Qc2 Qxa5 {0-1 (47) Tonkov,B (2294)-Petrov,M (2488) Sunny Beach 2014}) 14... Rb8 15. Be2 Qe7 16. Re1 {The position is equal.} Nc7 17. Kh1 Rfe8 18. Bg5 Bf6 19. Bxf6 Qxf6 20. f4 Qd4 21. a5 b5 {White must now prevent ...b4.} 22. axb6 $1 Rxb6 23. Bf3 Qf6 {[#]} (23... Rb3 $11) 24. Qd2 (24. e5 $1 $14 {[%mdl 512]} dxe5 25. Bg4) 24... Nb5 25. Nxb5 Rxb5 26. Rxa6 Rxb2 27. Qc1 {Threatens to win with Ra7.} Rb6 28. Ra7 Nf8 29. Qe3 Qh4 30. Rf1 Qg3 31. Qd2 Reb8 32. f5 (32. Qe1 $11 Qxe1 33. Rxe1) 32... Rb1 $17 {[%cal Rb1f1]} 33. Ra1 {[#]} Rxa1 $1 34. Rxa1 Nd7 35. fxg6 hxg6 $40 {[%mdl 128] Black wants a kill.} 36. Rf1 Ne5 37. Qf2 Qg5 38. Qc2 (38. h4 {keeps fighting.} Qh6 39. Qg3) 38... Rb4 39. Qf2 Rb3 40. Qc2 Rd3 41. Rd1 $2 (41. Bg4 {is the only way for White.}) 41... c4 $19 {[%cal Bc5c4,Bc4c3][%mdl 32]} 42. Be2 Rxd1+ 43. Bxd1 {intending Be2.} Qe3 44. Be2 c3 45. Bd1 Nd3 {Accuracy: White = 27%, Black = 56%.} 0-1

[Event "3rd Memorial Hulak 2018"]
[Site "Zagreb"]
[Date "2018.12.01"]
[Round "1.3"]
[White "Martinovic, Sasa"]
[Black "Deris, Antun"]
[Result "1-0"]
[WhiteElo "2554"]
[BlackElo "1993"]
[Annotator "TA"]
[PlyCount "105"]
[EventDate "2018.11.26"]
[EventCountry "CRO"]
[SourceTitle "playchess.com"]
[Source "ChessBase"]
[SourceQuality "1"]

{[%evp 9,105,50,45,50,58,52,46,39,46,46,47,47,60,57,65,66,64,55,60,59,70,62,95,94,96,96,96,95,97,87,108,82,92,87,95,92,91,61,64,63,56,56,62,60,63,48,72,55,72,47,49,-34,17,40,42,0,62,33,47,0,52,7,7,-8,77,20,95,95,87,59,76,27,99,83,84,25,91,69,69,55,260,234,332,281,437,447,679,655,939,931,1783,633,5590,5590,6170,5506,5285,5277]} 1. d4 Nf6 2. c4 g6 3. Nc3 d5 4. Bg5 c6 5. Bxf6 exf6 6. cxd5 {D80: Grünfeld: Unusual White 4th moves and 4 Bg5} cxd5 7. Qb3 Nc6 8. e3 {White is slightly better.} Bb4 9. Nge2 {[%cal Bg1e2,Be2c3,Bc3a4,Ba4b6][%mdl 32]} O-O 10. a3 Qa5 11. Rc1 Bxc3+ $1 12. Nxc3 Rd8 $146 ({Predecessor:} 12... Be6) 13. Be2 a6 14. O-O {[%cal Bh1f1,Bf1c1,Bc1c5][%mdl 32]} Ne7 15. Na4 {[#] And now Nb6 would win.} Rb8 16. Nb6 Rd6 17. Nxc8 Nxc8 18. Rc5 Qd8 19. Rfc1 Ne7 20. g3 Rb6 21. Qa2 Rc6 22. Rxc6 bxc6 23. Rc5 a5 24. b3 Qb6 25. Bd1 Qa6 26. Qd2 Ra8 $1 27. g4 Qb6 28. Qc3 h6 29. Kf1 Kg7 30. Ke1 (30. Bf3 $14) 30... Qd8 ({Black should try} 30... Qc7 $15) 31. h3 $11 Qc7 32. Be2 Qb6 (32... Qh2 $11) 33. Kd2 Qb8 34. f3 Qb6 (34... Qc7 $11) 35. h4 Qc7 36. h5 Qb6 (36... gxh5 $11 37. gxh5 Qh2) 37. Kc2 (37. f4 $16) 37... Ra7 (37... gxh5 $11 38. gxh5 Qc7) 38. Kb2 $16 Ra8 39. Bd3 Qc7 40. f4 Qb6 (40... Qd7 $11 {keeps the balance.}) 41. Bc2 Ra7 42. Ka2 (42. Qe1 $16) 42... Ra8 (42... Qb4 $1 $11 {remains equal.}) 43. hxg6 fxg6 44. e4 Ra7 $2 (44... dxe4 $1 $14 45. g5 (45. Bxe4 Qc7 $14) 45... Rf8) 45. e5 $18 Qc7 (45... fxe5 $142 46. dxe5 (46. fxe5 Ra8 $16) 46... Qb4) 46. Qe3 fxe5 (46... f5 $142 47. gxf5 gxf5 48. Qg3+ Kh7) 47. dxe5 {[%cal Bd4e5,Be5e6][%mdl 32] White is clearly winning.} Qd7 {[#]} (47... d4 $142 48. Qxd4 Qd7) 48. f5 $1 {[%mdl 512]} gxf5 49. gxf5 Nxf5 50. Qf4 (50. Bxf5 $142 Qxf5 51. Rxc6 {[%mdl 64] Discovered Attack (Double check)}) 50... Ne7 51. Qf6+ Kg8 52. e6 {Qf7+ would kill now.} Qe8 53. Rc3 {Accuracy: White = 46%, Black = 28%.} 1-0

[Event "3rd Memorial Hulak 2018"]
[Site "Zagreb"]
[Date "2018.12.01"]
[Round "1.4"]
[White "Gohshtein, Pavel"]
[Black "Palac, Mladen"]
[Result "0-1"]
[WhiteElo "1989"]
[BlackElo "2553"]
[Annotator "TA"]
[PlyCount "64"]
[EventDate "2018.11.26"]
[EventCountry "CRO"]
[SourceTitle "playchess.com"]
[Source "ChessBase"]
[SourceQuality "1"]

{[%evp 18,64,31,31,33,27,28,23,38,-92,-93,-120,-37,-40,-39,-121,-113,-129,-115,-264,-95,-164,-161,-237,-250,-242,-243,-245,-243,-243,-227,-304,-302,-295,-279,-566,-535,-530,-483,-656,-608,-717,-654,-620,-472,-472,-471,-570,-560]} 1. e4 c5 2. Nf3 Nc6 3. Bb5 e6 4. O-O Nge7 {[%cal Bg8e7,Be7g6,Bg6h4,Bh4f3][%mdl 32]} 5. c3 a6 6. Ba4 b5 7. Bc2 Bb7 8. Qe2 Ng6 {B30: Sicilian: 2...Nc6 3 Bb5, lines without ...g6} 9. d4 cxd4 10. cxd4 {LiveBook: 41 Games} Bd6 {White is slightly better.} 11. e5 Bc7 12. Nc3 Nh4 $146 ({Predecessor:} 12... O-O 13. Ng5 Qe8 14. Qh5 h6 15. Nce4 Qe7 16. Nf3 {0-1 (35) Berke,A (2190)-Palac,M (2591) Bol 2011}) 13. Be3 (13. Bf4 $14 {keeps the upper hand.}) 13... Nxf3+ $17 14. gxf3 d6 ({Better is} 14... Qh4 $17 15. Ne4 f6) 15. Rad1 O-O 16. Ne4 (16. f4 $1 $15) 16... dxe5 17. dxe5 Qh4 18. Rd7 (18. f4 $17) 18... Bxe5 $2 (18... Rac8 $19 {and Black stays clearly on top.} 19. f4 (19. Bg5 $2 Qh5 $19) 19... Nxe5 $1 {[%mdl 512]} 20. fxe5 Bxe4) 19. f4 (19. Ng3 $17 {is a better defense.} Bc8 20. Rd2) 19... Bc8 $19 20. fxe5 (20. Rdd1 {was necessary.} Bxf4 21. Bxf4 Qxf4 22. Nd6) 20... Bxd7 $40 {[%mdl 128] Black is out for blood.} 21. f4 {[#]} Nb4 $1 {[%cal Bc6b4,Bb4d5,Bd5e7][%mdl 32]} 22. Bb1 Nd5 23. Bd2 b4 24. Nd6 f6 25. exf6 Rxf6 {[%cal Rd5f4]} 26. Qe5 $2 (26. Qf2 Qxf2+ 27. Rxf2) 26... Raf8 {[%cal Rd5f4,Ba8f8,Bf8f6,Bf6d6][%mdl 32] Black is clearly winning.} 27. f5 Ne7 28. Rf3 exf5 29. Be1 Rg6+ 30. Rg3 {Hoping for Rxg6.} Qf6 31. Qxf6 Rfxf6 (31... gxf6 $2 32. Bxb4 Be6 33. b3 $19) 32. Bxb4 Rxd6 {Precision: White = 19%, Black = 59%.} 0-1

[Event "3rd Memorial Hulak 2018"]
[Site "Zagreb"]
[Date "2018.12.01"]
[Round "1.5"]
[White "Zelcic, Robert"]
[Black "Mrvac, Petar"]
[Result "1-0"]
[WhiteElo "2530"]
[BlackElo "1982"]
[Annotator "TA"]
[PlyCount "59"]
[EventDate "2018.11.26"]
[EventCountry "CRO"]
[SourceTitle "playchess.com"]
[Source "ChessBase"]
[SourceQuality "1"]

{[%evp 22,59,27,0,45,31,35,29,78,41,110,120,186,169,171,98,92,92,214,97,103,110,387,380,457,452,438,446,392,356,604,597,677,658,600,540,1012,983,950,926]} 1. d4 Nf6 2. Nc3 d5 3. Bg5 e6 4. e4 Be7 5. e5 Nfd7 6. Bxe7 Qxe7 7. f4 a6 8. Nf3 c5 9. dxc5 Nxc5 10. Bd3 Nc6 11. O-O Nxd3 12. cxd3 g6 {C14: French: Classical System: 4 Bg5 Be7 main line} (12... O-O 13. Qd2 Bd7 14. Rae1 Rac8 15. Kh1 f5 16. exf6 Qxf6 17. g3 h6 18. Kg2 Be8 19. Ne5 Rc7 20. h3 b5 21. a3 Qd8 {1-0 (39) Smikovski,I (2552)-Savosto,P (2314) Voronezh 2007}) 13. Rc1 Bd7 14. Qd2 b5 {White has an edge.} 15. Ne2 $146 ({Predecessor:} 15. Nd1 Rc8 16. Nf2 h5 17. d4 Qd8 18. Nd3 Qb6 19. Nc5 Na5 20. Ng5 {1-0 (35) Schmittdiel,E-Pieper,H Hohenlimburg 1978}) 15... Qb4 {[#]} (15... O-O $14) 16. Rc3 $1 $16 O-O (16... Qa5 $16) 17. Rfc1 {[%cal Bf1c1,Bc1c3,Bc3c7][%mdl 32]} Rac8 18. a3 (18. f5 $18) 18... Qe7 19. b4 Na7 (19... Rfd8 $16) 20. Qe3 (20. f5 $18 {is more deadly. And now f6 would win.} exf5 21. Rc7 Rxc7 22. Rxc7) 20... Rxc3 21. Rxc3 Nc8 $2 {[%mdl 8192] [#]} (21... Nc6 $16 {might work better.}) 22. Rc7 $18 Qd8 23. Qc5 Re8 24. Ned4 Qe7 25. Kf2 Qxc5 $2 (25... Qd8 26. h3 h6) 26. bxc5 {[%cal Bb4c5,Bc5c6][%mdl 32] White is clearly winning.} ({Weaker is} 26. Rxc5 Ne7 $16) 26... Rd8 27. c6 Be8 {Black hopes to continue with ...Nb6.} 28. Rb7 Kf8 29. Ng5 Kg8 30. Rb8 {Accuracy: White = 57%, Black = 21%.} 1-0

[Event "3rd Memorial Hulak 2018"]
[Site "Zagreb"]
[Date "2018.12.01"]
[Round "1.6"]
[White "Cosic, Radoslav"]
[Black "Cvitan, Ognjen"]
[Result "0-1"]
[WhiteElo "1976"]
[BlackElo "2503"]
[Annotator "TA"]
[PlyCount "100"]
[EventDate "2018.11.26"]
[EventCountry "CRO"]
[SourceTitle "playchess.com"]
[Source "ChessBase"]
[SourceQuality "1"]

{[%evp 15,100,-15,-8,-12,7,-41,-40,-46,-42,-42,-29,-70,-62,-68,-51,-49,-50,-116,-114,-125,-82,-100,-94,-97,-89,-111,-71,-99,-99,-118,-130,-162,-127,-200,-149,-235,-237,-243,-254,-258,-259,-262,-275,-281,-254,-315,-293,-441,-418,-526,-512,-537,-501,-578,-515,-551,-506,-715,-718,-726,-692,-822,-807,-825,-805,-842,-735,-713,-621,-992,-733,-959,-953,-1008,-997,-1354,-1354,-1807,-1735,-29971,-29964,-29986,-29987,-29989,-29990,-29992,-29993]} 1. Nf3 Nf6 2. b3 g6 3. Bb2 Bg7 4. g3 d6 5. Bg2 c5 6. d3 Nc6 7. O-O O-O 8. Nbd2 e5 {LiveBook: 4 Games. A05: Réti Opening: 1 Nf3 Nf6} 9. e3 (9. c4 Ne8 10. a3 e4 11. Bxg7 exf3 12. Bxf8 fxg2 13. Kxg2 Kxf8 14. Nf3 Bg4 15. Ng1 Nf6 16. f3 Be6 17. e4 {0-1 (24) Simic,V (2093)-Cvitan,O (2506) Split 2016}) 9... Qc7 $146 ({Predecessor:} 9... Bg4 10. h3 Be6 11. a3 Qd7 12. Kh2 Rad8 13. c4 Ne7 14. Qc2 h6 15. Rfd1 Ne8 16. Rac1 {1-0 (47) Pendergrast,S-McKenzie,C Dos Hermanas 2004}) 10. Nc4 b5 {Black is slightly better.} 11. Na3 Rb8 12. c4 a6 13. Nh4 Re8 14. e4 Qd8 15. Bc1 Bg4 16. f3 (16. Nf3 $15) 16... Bd7 17. Nc2 h6 18. Ne3 Nd4 19. Bb2 a5 20. Rf2 Rf8 21. Bc3 b4 22. Bxd4 cxd4 23. Nf1 Ne8 {[%cal Bf6e8,Be8c7,Bc7e6][%mdl 32]} 24. a4 (24. a3 $17) 24... Nc7 25. Bh1 (25. Nd2 $17) 25... Ne6 $19 26. Rc2 h5 27. Rb1 Bh6 28. Ng2 Kh7 29. Rbb2 Qe7 30. h4 f5 31. Nh2 (31. exf5 $142 Rxf5 32. Ne1) 31... Nc5 32. Re2 f4 33. gxf4 Bxf4 34. Nf1 Rf7 35. Rf2 Rbf8 36. Qe2 Bc1 37. Rb1 Bh6 38. Nh2 Bh3 39. Nf1 Ne6 40. Qd1 Bxg2 41. Bxg2 Qxh4 42. Rbb2 Bf4 43. Rbe2 Bg3 44. c5 Nxc5 45. Nxg3 Qxg3 46. Kf1 Ne6 47. Rc2 Ng5 {Black mates.} 48. Qc1 Nxf3 49. Bxf3 Rxf3 50. Rc7+ Kg8 {Accuracy: White = 21%, Black = 66%.} 0-1

[Event "3rd Memorial Hulak 2018"]
[Site "Zagreb"]
[Date "2018.12.01"]
[Round "1.7"]
[White "Enchev, Ivajlo"]
[Black "Ognjacevic, Alen"]
[Result "1-0"]
[WhiteElo "2491"]
[BlackElo "1969"]
[Annotator "TA"]
[PlyCount "71"]
[EventDate "2018.11.26"]
[EventCountry "CRO"]
[SourceTitle "playchess.com"]
[Source "ChessBase"]
[SourceQuality "1"]

{[%evp 20,71,60,56,101,94,93,95,95,91,93,37,82,66,47,45,57,57,124,123,115,116,112,126,151,151,206,176,175,172,186,149,156,150,129,131,229,239,185,173,1160,734,767,758,712,618,582,581,627,601,669,630,615,606]} 1. Nf3 Nf6 2. c4 e6 3. d4 c5 4. d5 d6 5. Nc3 exd5 6. cxd5 g6 7. Bf4 a6 8. a4 {A61: Modern Benoni: Nf3 without early e4} (8. e4 Bg4 9. Qa4+ Nbd7 10. Nd2 b5 11. Qc2 Nh5 12. Be3 Nb6 13. h3 Bd7 14. g4 Nf6 15. Bf4 Qe7 16. Be2 Bg7 {1-0 (40) Yilmaz,M (2630)-Perunovic,M (2593) Valjevo 2018}) 8... Qc7 9. h3 Bg7 10. e3 O-O 11. Be2 {LiveBook: 4 Games} b6 12. Nd2 Re8 13. Nc4 Bf8 14. O-O Nbd7 15. Qb3 $146 ({White should play} 15. Qc2 $16) ({Predecessor:} 15. Bh2 Rb8 16. Qc2 Ne5 17. Na3 g5 18. f4 gxf4 19. exf4 {1-0 (46) Gordievsky,D (2435)-Dvalishvili,P (2428) Moscow 2014}) 15... Rb8 16. Bf3 Ne5 17. Nxe5 dxe5 18. Bg5 e4 (18... c4 $14 19. Qc2 Nd7) 19. Be2 $16 {[%cal Bf3e2,Be2c4,Bc4f7][%mdl 32]} ({Not} 19. Bxf6 exf3 20. Qd1 fxg2 $15) 19... Nd7 20. d6 $36 {[%mdl 2048] Black is under strong pressure.} Bxd6 {[#]} 21. Bc4 $1 {[%cal Rc4f7]} Bh2+ 22. Kh1 Kg7 (22... Re5 $16) 23. Bxf7 Rf8 24. Bd5 h6 25. Bh4 (25. Nxe4 hxg5 26. g3 {[#]} Bxg3 $1 $11 {[%mdl 512]}) 25... g5 26. Bg3 $1 {[%cal Rg3c7][%mdl 64] Skewer} Bxg3 27. fxg3 Qxg3 (27... Rxf1+ $16 28. Rxf1 Nf6) 28. Nxe4 $18 ({Inferior is} 28. Bxe4 Nf6 $11) 28... Qe5 29. Qd3 Rf5 $2 (29... h5 30. Bc4 h4 31. Rxf8 Nxf8) 30. Rxf5 {White is clearly winning.} Qxf5 31. Rf1 Ne5 32. Rxf5 Nxd3 33. Rf7+ Kg6 34. Nd6 Nxb2 35. g4 {Be4+ would kill now.} Bb7 36. Bxb7 {Accuracy: White = 77%, Black = 22%.} 1-0

[Event "3rd Memorial Hulak 2018"]
[Site "Zagreb"]
[Date "2018.12.01"]
[Round "1.8"]
[White "Prskalo, Zoran"]
[Black "Kotronias, Vasilios"]
[Result "0-1"]
[WhiteElo "1963"]
[BlackElo "2482"]
[Annotator "TA"]
[PlyCount "50"]
[EventDate "2018.11.26"]
[EventCountry "CRO"]
[SourceTitle "playchess.com"]
[Source "ChessBase"]
[SourceQuality "1"]

{[%evp 14,50,31,1,9,-14,-13,-34,-32,-52,-50,-71,-67,-70,-71,-66,-72,-106,-81,-83,-78,-75,-60,-323,-306,-854,-830,-831,-825,-813,-785,-1077,-1037,-983,-803,-29983,-29984,-29998,-29999]} 1. e4 d6 2. d4 Nf6 3. Nc3 e5 4. dxe5 dxe5 5. Qxd8+ Kxd8 6. Bg5 Be6 7. O-O-O+ Kc8 8. f3 {LiveBook: 5 Games. B07: Pirc Defence: Miscellaneous Systems} (8. f4 exf4 9. Nf3 Nbd7 10. Bxf4 Bc5 11. h3 Nh5 12. Bh2 Be3+ 13. Kb1 Bf4 14. Bxf4 Nxf4 15. Nd4 c6 16. g3 Ng6 17. Nxe6 fxe6 {0-1 (53) Kravtsiv,M (2672)-Khismatullin,D (2632) Riadh 2017}) 8... Nbd7 9. a3 c6 10. Be3 {The position is equal.} b5 11. Nb1 $146 ({Predecessor:} 11. g3 Bc5 12. Bxc5 Nxc5 13. Bh3 a5 14. Bxe6+ Nxe6 15. Nge2 b4 {½-½ (43) Mir Wais,M (1837)-Zeldin,L (2066) Kranenburg 2008}) 11... a5 12. b3 Kc7 13. g4 Bc5 14. Bxc5 Nxc5 15. Ne2 Nfd7 16. Ng3 b4 17. axb4 axb4 {[%cal Ba5b4,Bb4b3][%mdl 32] Strongly threatening ...Ra2.} 18. Nf5 $2 {[%mdl 8192] [#]} (18. Kb2 $1 $15) 18... Ra2 $1 $19 19. Bc4 $2 (19. Nd2 Ra1+ 20. Nb1) 19... Bxc4 20. bxc4 b3 {[%csl Gb3][%cal Ra2c2]} 21. Rd2 Rb8 22. c3 Nb6 23. Ne3 Rba8 24. Rhd1 {[#]} Nxc4 $1 {[%mdl 512]} 25. Nxc4 {[#]} Nd3+ $1 {[%mdl 512] Accuracy: White = 17%, Black = 100%.} 0-1

[Event "3rd Memorial Hulak 2018"]
[Site "Zagreb"]
[Date "2018.12.01"]
[Round "1.9"]
[White "Plenca, Jadranko"]
[Black "Novak, Ivo"]
[Result "1-0"]
[WhiteElo "2475"]
[BlackElo "1956"]
[Annotator "TA"]
[PlyCount "31"]
[EventDate "2018.11.26"]
[EventCountry "CRO"]
[SourceTitle "playchess.com"]
[Source "ChessBase"]
[SourceQuality "1"]

{[%evp 18,31,60,66,75,82,111,0,20,-77,-83,-80,-76,-75,-84,-64]} 1. e4 c5 2. Nf3 d6 3. Bb5+ Nc6 4. O-O Bd7 5. Re1 Nf6 6. h3 a6 7. Bf1 e5 {B51: Sicilian: Moscow Variation (3 Bb5+) without 3...Bd7} 8. c3 g5 9. Nxg5 Rg8 {[#]} 10. d4 $1 {[%mdl 512] LiveBook: 5 Games} cxd4 $146 ({Predecessor:} 10... h6 11. Nf3 Bxh3 12. dxe5 dxe5 13. Qxd8+ Rxd8 14. Nbd2 Be6 15. Nc4 Ng4 {½-½ (27) Libiszewski,F (2543)-Jones,G (2663) Kilkenny 2016}) 11. cxd4 h6 12. dxe5 ({Better is} 12. Nf3 $16) 12... dxe5 $11 13. Nxf7 (13. Nf3 $11 {remains equal.}) 13... Kxf7 $17 {Black is better.} 14. Bc4+ {[#]} Be6 $1 {[%cal Re6c4]} 15. Bxe6+ Kxe6 16. Qb3+ {[%mdl 32832] Double Attack. Loss on time!?} 1-0

[Event "3rd Memorial Hulak 2018"]
[Site "Zagreb"]
[Date "2018.12.01"]
[Round "1.10"]
[White "Gal, Igor"]
[Black "Livaic, Leon"]
[Result "0-1"]
[WhiteElo "1953"]
[BlackElo "2474"]
[Annotator "TA"]
[PlyCount "86"]
[EventDate "2018.11.26"]
[EventCountry "CRO"]
[SourceTitle "playchess.com"]
[Source "ChessBase"]
[SourceQuality "1"]

{[%evp 13,85,0,2,0,7,-50,-64,-84,-78,-113,-117,-121,-100,-124,-34,-29,15,0,14,0,46,-43,35,23,29,30,31,36,64,0,39,19,30,17,88,-38,-50,-88,-83,-75,-77,-113,-114,-120,-125,-122,-77,-114,-104,-135,-118,-182,-138,-235,-224,-221,-165,-288,-165,-478,-465,-29984,-29985,-29985,-29985,-29995,-29996,-29996,-29997,-29997,-29998,-29998,-29999,-29999]} 1. e4 c5 2. Nf3 d6 3. c3 Nf6 4. h3 Nc6 5. Bd3 e5 6. Bc2 d5 {B50: Sicilian: 2...d6, Miscellaneous} (6... Be7 7. d4 cxd4 8. cxd4 O-O 9. Nc3 exd4 10. Nxd4 d5 11. exd5 Nxd5 12. Nxc6 bxc6 13. Nxd5 cxd5 14. O-O Bf6 {1-0 (38) Kunin,V (2592)-Ochsner,B (2417) Barcelona 2016}) 7. exd5 Qxd5 {LiveBook: 3 Games} 8. d3 Bf5 {The position is equal.} 9. O-O ({White should try} 9. Na3 $11) 9... O-O-O $1 $15 10. Be3 $146 ({Predecessor:} 10. Na3 Bxd3 11. Bxd3 Qxd3 12. Qa4 Nd5 13. Nc4 Qf5 14. Be3 {0-1 (38) Starostits,I (2480)-Malisauskas,V (2479) Kallithea 2008}) 10... Bxd3 11. Bxd3 Qxd3 12. Qa4 Be7 13. Na3 Kb8 (13... Nd5 $17 14. Rfe1 Qf5) 14. Nc4 Nd7 15. Rfd1 $36 {[%mdl 2048] White has good play.} Qf5 16. b4 $1 {[%cal Rb4b5]} e4 17. Nh2 (17. Nfd2 $14) 17... Nce5 ({Better is} 17... g5 $15) 18. Nxe5 $1 $14 Nxe5 19. bxc5 Rxd1+ 20. Rxd1 Nc6 21. Qb5 (21. Rb1 $14 Ka8 22. Qb3) 21... Rd8 (21... a6 {is interesting.} 22. Qb6 Bd8 23. Qb2 Bc7 24. Bd4 Rd8) 22. Rb1 {[%csl Gb1][%cal Rb5b7] [#]} Qd7 23. Nf1 g5 (23... Bf6 $11 {keeps the balance.}) 24. Qb2 (24. Ng3 $16) 24... f5 $15 25. Bd4 Nxd4 26. cxd4 Bf6 27. Qb4 Bxd4 28. Ne3 Bxe3 29. fxe3 $17 {[%mdl 4096] Endgame KQR-KQR} Ka8 30. a4 Rc8 31. a5 a6 32. Rb3 (32. Rf1 $17) 32... f4 33. exf4 (33. Qd4 $17 Qc6 34. Kh2) 33... gxf4 $19 34. Rb1 Qc6 35. Kh2 (35. Re1 $142) 35... Re8 (35... f3 $142 {aiming for ...Rg8.} 36. Qd4 fxg2) 36. Re1 $2 (36. Qb6) 36... f3 37. gxf3 {[#]} (37. Qd4 $19 Qc7+ 38. Qd6 Qxa5 39. Rd1) 37... Qc7+ {Black mates.} 38. Kh1 Qg3 {[%mdl 64] Double Attack} 39. Re2 Qxh3+ 40. Kg1 Rg8+ 41. Kf2 Qxf3+ 42. Ke1 Rg1+ 43. Kd2 Qd3# {Accuracy: White = 25%, Black = 52%.} 0-1